Một chủ nghĩa tư bản mới? : Những diện mạo mới của Chủ nghĩa tư bản

সংরক্ষণ করুন:
গ্রন্থ-পঞ্জীর বিবরন
প্রধান লেখক: Viện Thông tin Khoa học Xã hội
বিন্যাস: গ্রন্থ
প্রকাশিত: Thông tin khoa học xã hội 2002
ট্যাগগুলো: ট্যাগ যুক্ত করুন
কোনো ট্যাগ নেই, প্রথমজন হিসাবে ট্যাগ করুন!
Thư viện lưu trữ: Mạng thư viện Đại học Đà Nẵng
LEADER 00672nam a2200229 a 4500
001 000029292
003 13908
005 20171030145630.0
008 171030s2002
020 |c 31000 
040 |a LTT 
082 0 |a 330.12  |b VIÊ 
100 1 |a Viện Thông tin Khoa học Xã hội 
245 0 0 |a Một chủ nghĩa tư bản mới? : Những diện mạo mới của Chủ nghĩa tư bản  |c Viện Thông tin Khoa học Xã hội. 
260 |b Thông tin khoa học xã hội  |c 2002 
OWN |a LTT 
999 |a From the UDN01 
TYP |a Monograph 
TYP |a Printed language 
980 |a Mạng thư viện Đại học Đà Nẵng